000 nam a22 7a 4500
999 _c8329
_d8329
008 171229b xxu||||| |||| 00| 0 eng d
100 _aHaqqani, Hussain
_94745
245 _aMagnificent Delusions
_bPakistan, the united states and an epic history of Misunderstanding
260 _aNew York
_bPublic Affairs
_c2013